| 000 | 00598nam a2200121Ia 4500 | ||
|---|---|---|---|
| 008 | 220620s9999||||xx |||||||||||||| ||und|| | ||
| 245 | 0 |
_aCentral Banking at a Crossroads _bEurope and Beyond |
|
| 546 | _aEnglish[eng] | ||
| 650 | _aEconomics||Balance sheet||Capital requirement||Central bank||Collateral (finance)||Government debt||Market liquidity | ||
| 700 | _aGoodhart, Charles||Gabor, Daniela||Vestergaard, Jakob||Ertürk, Ismail | ||
| 856 | _uhttps://library.oapen.org/bitstream/20.500.12657/31670/1/626351.pdf||https://library.oapen.org/bitstream/20.500.12657/31670/1/626351.pdf | ||
| 942 | _cEB | ||
| 999 |
_c23798 _d23798 |
||